000 00828nam a2200205Ia 4500
003 GCL
008 140319s9999 xx 000 0 ara d
020 _a4433287977
040 _aGCL /
_cGCL
082 0 4 _a005.84
_bع ك
100 1 _aعبدالحميد بسيونى
245 1 0 _aالكتاب الاسود عن فيروسات الكمبيوتر /
_cعبدالحميد بسيونى
260 _aالقاهرة :
_bدار الكتب العلمية للنشر والتوزيع ،
_c2004
300 _a471 ص ؛
_c25 سم
490 _aالحروب الالكترونية وقرصنة المعلومات
_v0
650 0 4 _aالحاسبات الالكترونية
650 0 4 _aفيروسات الحاسبات الالكترونية
650 0 4 _aالحاسبات الالكترونية - فيروسات
942 _2ddc
_cBK
999 _c56612
_d56612